Barbie de Extrarradio - Melendi - Estadísticas

Estadísticas generales
  • Esta prueba ha sido intentada 472 veces
  • La puntuación promedio es 287 de 328
Estadísticas de respuestas
% Correcto
a
98%
de
98%
Verso En
97%
en
97%
que
97%
el
96%
la
96%
Pa'
95%
pa'
95%
un
95%
Barbie
94%
es
94%
extrarradio
94%
extrarradio,
94%
Pre-estribillo Me
94%
me
94%
mi
94%
te
94%
tu
94%
Estribillo
94%
94%
y
94%
Final Y
94%
amor,
93%
amor
93%
al
92%
beso
92%
par
92%
una
92%
Una
92%
yo
92%
Yo
92%
como
91%
corazón
91%
corazón,
91%
no
91%
las
90%
los
90%
guerra,
89%
se
89%
ti
89%
lo
88%
Mis
88%
mis
88%
para
88%
tus
88%
bajo
87%
marea,
87%
pobre
87%
besos
86%
rompecabezas
86%
subes
86%
tengo
86%
tensión
86%
ESO
85%
Hoy
85%
Judas
85%
por
85%
voy
85%
alma,
84%
cajón
84%
perdedor
84%
pintura
84%
primer
84%
siempre
84%
alguna
83%
darle
83%
diste
83%
este
83%
favor,
83%
olvidaré
83%
piedras
83%
primero
83%
recuerdos
83%
sentimientos
83%
van
83%
arrugas
82%
con
82%
garrafón
82%
humedades
82%
queso
82%
ratones
82%
trampa
82%
tuyos
82%
capas
81%
chándal
81%
Dior
81%
eras
81%
poco
81%
quererte
81%
visten
81%
dejao'
80%
está
80%
han
80%
más,
80%
quiere
80%
taza
80%
desangra
79%
pasé
79%
queda
79%
años
78%
carrera
78%
desnatado
78%
esperando
78%
igual
78%
pierde
78%
chiste
77%
Normalmente,
77%
Querida
77%
blackjack
76%
mesa
76%
cae
75%
estudiar
75%
fe,
75%
borre
74%
le
73%
relación
73%
fue
72%
nuestra
72%
penas,
72%
tienes
72%
Ken
70%
pasión,
69%
sal
69%
dejas
68%
limón
68%
todo
68%
corre,
67%
elección,
67%
mal
67%
ahora
64%
entre
64%
sabor
64%
vale
64%
mezcla
63%
digo
62%
olvidao'
61%
marchito
59%
dejan
56%
duran
54%
exprimido
44%
No se encontraron pruebas coincidentes
Distribución de puntuación
Porcentaje de gente con cada puntuación
Porcentaje por número respondido
Historial de tus puntuaciones
No has intentado esta prueba.